| 000 | 00511nam a2200193 i 4500 | ||
|---|---|---|---|
| 001 | bg | ||
| 100 | 1 | _aBIAŁOUSZ, Stanisław | |
| 245 | 0 |
_aĆwiczenia z gleboznawstwa i ochrony gruntów / _cS. Białousz, P. Skłodowski. |
|
| 250 | _aWyd.2 uzup. | ||
| 260 |
_aWarszawa, _c1982. |
||
| 650 | 9 | _aGleboznawstwo | |
| 655 | _aPodręczniki akademickie | ||
| 700 | 1 | _aSKŁODOWSKI, Piotr | |
| 040 | _cBPK | ||
| 041 | _apol | ||
| 080 | _a631.4(075.8) | ||
| 942 | _cKS | ||
| 008 | s pl f |000 0 pol | ||
| 999 |
_c21700 _d21700 |
||
| 856 |
_uhttp://koha.tu.koszalin.pl/cgi-bin/koha/opac-detail.pl?biblionumber=21700 _yKatalog online BPK |
||